000 00683nam a2200277Ia 4500
005 20260324122528.0
008 008 260324s9999 xx 000 0 eng d
020 _a9780203748817
037 _aEBOOK
040 _aCRL
040 _beng
040 _cCRL
041 _2eng
041 _aeng
084 _qCRL
100 _aDaragh O'Reilly; Ruth Rentschler; Theresa A. Kirchner
_91166795
245 4 _aThe Routledge Companion to Arts Marketing
260 _bTaylor and Francis
260 _c2013
365 _a
365 _b420
856 _uhttp://www.taylorfrancis.com/books/9780203748817
942 _cEBOOK
999 _c1759617
_d1759617